[Event "Prague op 22nd"]
[Site "Prague"]
[Date "2024.01.06"]
[Round "2"]
[White "Mizicka, Matus"]
[Black "Keller, Peter1"]
[Result "0-1"]
[WhiteElo "1953"]
[BlackElo "2289"]
[PlyCount "100"]
[EventDate "2024.01.05"]
[EventType "swiss"]
[EventRounds "9"]
[EventCountry "CZE"]
[SourceTitle "CB03_2024"]
[SourceDate "2024.01.17"]
[SourceVersion "1"]
[SourceVersionDate "2024.01.17"]
[SourceQuality "1"]

1. e4 e5 2. Nf3 Nc6 3. Bc4 Bc5 4. 0-0 Nf6 5. d3 d6 6. c3 0-0 7. b4 Bb6 8. Bg5 h6 9. Bh4 Be6 10. Nbd2 a6 11. Re1 Qe7 12. Bd5 g5 13. Bxc6 bxc6 14. Nxg5 hxg5 15. Bxg5 Kg7 16. Qf3 Bd7 17. Nf1 Qe6 18. Ng3 Nh7 19. Nf5+ Kh8 20. Bh4 Qg6 21. d4 exd4 22. cxd4 Rae8 23. d5 f6 24. dxc6 Bxc6 25. Rac1 Bb7 26. Qf4 Rg8 27. Ng3 Re6 28. Kf1 Qg4 29. Qf5 Bc8 30. Qxg4 Rxg4 31. Nf5 Rgxe4 32. f3 Rxe1+ 33. Bxe1 Rxe1+ 34. Rxe1 Bxf5 35. Re7 Kg8 36. Re8+ Kf7 37. Ra8 Bd7 38. Ke2 Nf8 39. Kd2 Bb5 40. Kc3 Ke7 41. Kb3 d5 42. h4 Be2 43. h5 Be3 44. Rc8 Ne6 45. Rh8 d4 46. h6 d3 47. h7 d2 48. Re8+ Kd7 49. h8Q d1Q+ 50. Kb2 Qc1+ 0-1

[Event "SVK-ch Blitz"]
[Site "Nitra"]
[Date "2022.10.29"]
[Round "7"]
[White "Mizicka, Matus"]
[Black "Lecky, Juraj"]
[Result "0-1"]
[WhiteElo "1877"]
[BlackElo "2005"]
[PlyCount "84"]
[EventDate "2022.10.29"]
[EventType "swiss"]
[EventRounds "13"]
[EventCountry "SVK"]
[SourceTitle "EXT 2024"]
[Source "ChessBase"]
[SourceDate "2023.10.10"]
[SourceVersion "1"]
[SourceVersionDate "2023.10.10"]
[SourceQuality "1"]

1. g4 c5 2. Bg2 Nc6 3. c4 d6 4. g5 e5 5. d3 Be6 6. Nc3 Nge7 7. a3 d5 8. cxd5 Nxd5 9. Nxd5 Bxd5 10. Bxd5 Qxd5 11. Nf3 Be7 12. h4 0-0-0 13. Be3 Kb8 14. Rc1 Nd4 15. Bxd4 exd4 16. Rg1 Rhe8 17. Nd2 Bd6 18. Ne4 Re7 19. Qd2 Rde8 20. b4 cxb4 21. axb4 Rc7 22. Nxd6 Qxd6 23. Rxc7 Qxc7 24. Rg4 Qc6 25. f3 Qd5 26. Qf4+ Ka8 27. Qxd4 Qxf3 28. Re4 Qg3+ 29. Kd2 Rxe4 30. Qd8+ Qb8 31. Qxb8+ Kxb8 32. dxe4 Kc7 33. Kd3 Kd6 34. Kd4 a6 35. h5 b6 36. e5+ Ke6 37. e4 a5 38. bxa5 bxa5 39. h6 gxh6 40. gxh6 a4 41. Kc3 Kxe5 42. Kb4 Kxe4 0-1

[Event "SVK-ch Blitz"]
[Site "Nitra"]
[Date "2022.10.29"]
[Round "11"]
[White "Mizicka, Matus"]
[Black "Stevik, Patrik1111"]
[Result "0-1"]
[WhiteElo "1877"]
[BlackElo "2064"]
[PlyCount "86"]
[EventDate "2022.10.29"]
[EventType "swiss"]
[EventRounds "13"]
[EventCountry "SVK"]
[SourceTitle "EXT 2024"]
[Source "ChessBase"]
[SourceDate "2023.10.10"]
[SourceVersion "1"]
[SourceVersionDate "2023.10.10"]
[SourceQuality "1"]

1. d4 Nf6 2. c4 e6 3. Nc3 d5 4. Nf3 Be7 5. Bg5 0-0 6. Bxf6 Bxf6 7. e3 dxc4 8. Bxc4 c5 9. 0-0 cxd4 10. exd4 Nc6 11. d5 Na5 12. Be2 Bxc3 13. bxc3 Qxd5 14. Qc2 e5 15. Rfd1 Qc5 16. Rab1 a6 17. Rb4 g6 18. Rh4 Bf5 19. Qc1 Qe7 20. Qh6 f6 21. g4 g5 22. gxf5 gxh4 23. Kh1 Kh8 24. Nxh4 Qg7 25. Ng6+ Kg8 26. Qxg7+ Kxg7 27. Nxf8 Rxf8 28. Rd7+ Rf7 29. Rxf7+ Kxf7 30. Kg2 b5 31. Kf3 Ke7 32. Ke4 Kd6 33. h4 Nb7 34. h5 Nc5+ 35. Ke3 h6 36. a3 Kd5 37. f4 e4 38. Bf1 Na4 39. Kd2 Nb2 40. Be2 Nc4+ 41. Kc2 Nxa3+ 42. Kd2 Nc4+ 43. Kc2 Ne3+ 0-1

[Event "Bratislava Slovakia op"]
[Site "Bratislava"]
[Date "2022.10.02"]
[Round "9"]
[White "Hasala, Richard"]
[Black "Mizicka, Matus"]
[Result "0-1"]
[WhiteElo "1486"]
[BlackElo "1975"]
[PlyCount "110"]
[EventDate "2022.09.30"]
[EventType "swiss (rapid)"]
[EventRounds "9"]
[EventCountry "SVK"]
[SourceTitle "CBM 210 Extra"]
[Source "ChessBase"]
[SourceDate "2022.11.30"]
[SourceVersion "1"]
[SourceVersionDate "2022.11.30"]
[SourceQuality "1"]

1. c4 e5 2. Nc3 Nc6 3. e4 Bc5 4. Nf3 Nf6 5. d3 h6 6. Be2 0-0 7. a3 a5 8. 0-0 d6 9. Be3 Bg4 10. h3 Bxf3 11. Bxf3 Nd4 12. Bxd4 Bxd4 13. Rb1 Nh7 14. g3 Ng5 15. Bg2 Qd7 16. Kh2 c6 17. h4 Ne6 18. Bh3 Qe7 19. Ne2 Ba7 20. f4 f6 21. b4 axb4 22. axb4 Nd4 23. Nc3 Bb6 24. Rb2 Ra3 25. Ne2 Rfa8 26. Nxd4 Bxd4 27. Rg2 Ra1 28. Qf3 Rxf1 29. Qxf1 Ra1 30. Qf3 Rb1 31. fxe5 dxe5 32. Re2 Rxb4 33. Qf5 Qe8 34. g4 Rb3 35. g5 hxg5 36. hxg5 fxg5 37. Qxg5 Rb2 38. Rxb2 Bxb2 39. Bf5 Ba3 40. Bg6 Qf8 41. Bf5 Qf6 42. Qh5 Qh6 43. Qxh6 gxh6 44. Kg3 Kg7 45. Kg4 b5 46. Bd7 b4 47. Bxc6 b3 48. Ba4 b2 49. Bc2 Bc5 50. Kf5 Bd4 51. c5 Kf7 52. c6 Ke7 53. Kg6 Kd6 54. Kxh6 Kxc6 55. Kg5 Kc5 0-1

[Event "Bratislava Slovakia op"]
[Site "Bratislava"]
[Date "2022.10.02"]
[Round "8"]
[White "Mizicka, Matus"]
[Black "Pasti, Aron"]
[Result "0-1"]
[WhiteElo "1975"]
[BlackElo "2350"]
[PlyCount "146"]
[EventDate "2022.09.30"]
[EventType "swiss (rapid)"]
[EventRounds "9"]
[EventCountry "SVK"]
[SourceTitle "CBM 210 Extra"]
[Source "ChessBase"]
[SourceDate "2022.11.30"]
[SourceVersion "1"]
[SourceVersionDate "2022.11.30"]
[SourceQuality "1"]

1. b3 c5 2. Bb2 Nc6 3. g3 d5 4. Bg2 Bf5 5. d3 Nf6 6. Nd2 e5 7. e4 Bg6 8. Ne2 h5 9. h4 Be7 10. 0-0 d4 11. a4 a6 12. f4 Ng4 13. Qc1 Ne3 14. Rf3 Nb4 15. Rxe3 dxe3 16. Nc4 exf4 17. Nxf4 0-0 18. Nxe3 Re8 19. Nfd5 Bd6 20. Nxb4 cxb4 21. Nf1 Rc8 22. Qd2 Bc5+ 23. Kh2 Bd4 24. Bxd4 Qxd4 25. Re1 f6 26. Re2 Rcd8 27. Qf4 Bf7 28. Ne3 Be6 29. Bh3 Bxb3 30. cxb3 Qxd3 31. Qf3 Qxe4 32. Qxh5 g6 33. Qc5 Qd3 34. Bg4 Qd4 35. Qc7 f5 36. Bf3 f4 37. gxf4 Rd7 38. Qc4+ Qxc4 39. bxc4 Rde7 40. Bd5+ Kg7 41. Rb2 Rxe3 42. Rxb4 R3e7 43. Rb6 Rf8 44. Kg3 Rf6 45. Rb3 b6 46. Kg4 Re1 47. a5 bxa5 48. Ra3 Rg1+ 49. Kh3 Rxf4 50. Rxa5 Rc1 51. Rxa6 Rc3+ 52. Kg2 Rg4+ 53. Kf2 Rxh4 54. Ra7+ Kh6 55. Rc7 Rh2+ 56. Kg1 Rb2 57. Rf7 Rc1+ 58. Rf1 Rxf1+ 59. Kxf1 Rc2 60. Ke1 Kg5 61. Kd1 Ra2 62. Ke1 Kf5 63. Kf1 g5 64. Kg1 Rc2 65. Kf1 Kf4 66. Kg1 Kg3 67. Kf1 g4 68. Ke1 Kh2 69. Kd1 Ra2 70. Ke1 g3 71. c5 Ra5 72. Bf3 Rxc5 73. Kf1 Rf5 0-1

[Event "Bratislava Slovakia op"]
[Site "Bratislava"]
[Date "2022.10.01"]
[Round "5"]
[White "Park, Seonjae"]
[Black "Mizicka, Matus"]
[Result "0-1"]
[WhiteElo "1674"]
[BlackElo "1975"]
[PlyCount "66"]
[EventDate "2022.09.30"]
[EventType "swiss (rapid)"]
[EventRounds "9"]
[EventCountry "SVK"]
[SourceTitle "CBM 210 Extra"]
[Source "ChessBase"]
[SourceDate "2022.11.30"]
[SourceVersion "1"]
[SourceVersionDate "2022.11.30"]
[SourceQuality "1"]

1. d4 Nf6 2. c4 e5 3. dxe5 Ne4 4. Nf3 d6 5. exd6 Bxd6 6. Nbd2 Nxd2 7. Bxd2 Bf5 8. e3 Nc6 9. Bc3 Rg8 10. a3 Qe7 11. Bd3 Bxd3 12. Qxd3 0-0-0 13. 0-0-0 g6 14. Qc2 f5 15. Kb1 Qf7 16. Bd4 g5 17. c5 Be7 18. Ne5 Nxe5 19. Bxe5 Qe6 20. Bd4 Rgf8 21. Rhe1 Qc6 22. f3 Kb8 23. b4 h6 24. Bc3 Qe6 25. Bb2 g4 26. f4 Rxd1+ 27. Qxd1 Rd8 28. Qc2 a5 29. Bd4 Rxd4 30. Qc3 Qe4+ 31. Ka2 Rd3 32. Qh8+ Ka7 33. Qxh6 Qc4+ 0-1

[Event "Trnava Reti Memorial op"]
[Site "Trnava"]
[Date "2022.08.14"]
[Round "7"]
[White "Mizicka, Matus"]
[Black "Meszaros, Casey Ryan"]
[Result "1-0"]
[WhiteElo "1922"]
[BlackElo "1843"]
[PlyCount "65"]
[EventDate "2022.08.11"]
[EventType "swiss"]
[EventRounds "7"]
[EventCountry "SVK"]
[SourceTitle "CBM 209 Extra"]
[Source "ChessBase"]
[SourceDate "2022.09.30"]
[SourceVersion "1"]
[SourceVersionDate "2022.09.30"]
[SourceQuality "1"]

1. d4 f5 2. e4 fxe4 3. Nc3 Nf6 4. Bg5 Nc6 5. Bxf6 exf6 6. d5 Ne5 7. Nxe4 d6 8. Qe2 Be7 9. f4 Nf7 10. Nf3 0-0 11. 0-0-0 Re8 12. Qd3 Bf8 13. Ng3 c6 14. Qb3 cxd5 15. Bd3 Qb6 16. Qxd5 Be6 17. Qh5 Nh6 18. Rhe1 Bf7 19. Qh4 Rxe1 20. Rxe1 Qa5 21. a3 Rc8 22. Qh3 Qc7 23. Nf5 Bg6 24. Nxh6+ gxh6 25. f5 Bf7 26. Nd4 Bc4 27. Ne6 Qa5 28. Qg3+ Kh8 29. Bxc4 Rxc4 30. Nxf8 Qxf5 31. c3 Rg4 32. Qf3 Rf4 33. Ng6+ 1-0

[Event "Trnava Reti Memorial op"]
[Site "Trnava"]
[Date "2022.08.13"]
[Round "4"]
[White "Mizicka, Matus"]
[Black "Havalda, Samuel"]
[Result "1/2-1/2"]
[WhiteElo "1922"]
[BlackElo "1585"]
[PlyCount "99"]
[EventDate "2022.08.11"]
[EventType "swiss"]
[EventRounds "7"]
[EventCountry "SVK"]
[SourceTitle "CBM 209 Extra"]
[Source "ChessBase"]
[SourceDate "2022.09.30"]
[SourceVersion "1"]
[SourceVersionDate "2022.09.30"]
[SourceQuality "1"]

1. d4 Nf6 2. c4 e6 3. Nf3 d5 4. Nc3 c6 5. cxd5 cxd5 6. Bg5 h6 7. Bxf6 Qxf6 8. e3 Bd6 9. Qc2 0-0 10. Be2 b6 11. g4 Ba6 12. h4 Bxe2 13. Qxe2 Qe7 14. 0-0-0 Rc8 15. Kb1 Bb4 16. Rc1 Nd7 17. g5 h5 18. g6 fxg6 19. Rhg1 Nf8 20. Ne5 Bxc3 21. Rxc3 Rxc3 22. bxc3 Qxh4 23. f4 Kh7 24. Qc2 Qf6 25. Rg5 b5 26. Rxh5+ Kg8 27. Rg5 Rc8 28. Qd3 a6 29. Kb2 Kh7 30. Rh5+ Kg8 31. Rh1 Qe7 32. Qd2 Qc7 33. c4 Nd7 34. c5 g5 35. Qh2 Nxe5 36. Qh7+ Kf8 37. fxe5 Qf7 38. Qh8+ Qg8 39. Rf1+ Ke7 40. Qh5 Rf8 41. Qxg5+ Kd7 42. Rc1 Qf7 43. Rc2 Kc6 44. Qg2 Qf1 45. Qxg7 Qe1 46. Qxf8 Qb4+ 47. Ka1 Qe1+ 48. Kb2 Qb4+ 49. Kc1 Qe1+ 50. Kb2 1/2-1/2

[Event "Piestany Slovakia op-A"]
[Site "Piestany"]
[Date "2022.07.18"]
[Round "9"]
[White "Mizicka, Matus"]
[Black "Chlpik, Martin"]
[Result "0-1"]
[WhiteElo "1915"]
[BlackElo "2236"]
[PlyCount "97"]
[EventDate "2022.07.11"]
[EventType "swiss"]
[EventRounds "9"]
[EventCountry "SVK"]
[SourceTitle "CBM 209 Extra"]
[Source "ChessBase"]
[SourceDate "2022.09.30"]
[SourceVersion "1"]
[SourceVersionDate "2022.09.30"]
[SourceQuality "1"]

1. c4 c5 2. Nc3 Nc6 3. g3 g6 4. Bg2 Bg7 5. e3 e5 6. Nge2 Nge7 7. 0-0 0-0 8. f4 d6 9. fxe5 dxe5 10. Nd5 Nxd5 11. cxd5 Nb4 12. Qb3 b6 13. a3 Ba6 14. Nc3 Nd3 15. Qa4 Bb7 16. Qc4 Nxc1 17. Raxc1 Qd7 18. Rf2 f5 19. e4 f4 20. Rcf1 g5 21. Qe2 Rae8 22. Qh5 Ba6 23. Bh3 Qd8 24. d3 Bxd3 25. Rd1 c4 26. Bg4 b5 27. Qh3 Qb6 28. Bf5 h6 29. g4 a5 30. Qh5 b4 31. axb4 axb4 32. Nb1 Rd8 33. Be6+ Kh8 34. Nd2 c3 35. bxc3 bxc3 36. Nf3 c2 37. Rxd3 c1Q+ 38. Kg2 Qce3 39. Rxe3 fxe3 40. Re2 Qb5 41. Rxe3 Qb2+ 42. Kg3 Qc1 43. Kf2 Rb8 44. Re2 Rxf3+ 45. Kxf3 Qf1+ 46. Ke3 Rb3+ 47. Kd2 Rb2+ 48. Kc3 Qc1+ 49. Kd3 0-1

[Event "Piestany Augustus Cup"]
[Site "Piestany"]
[Date "2022.07.15"]
[Round "7"]
[White "Aradhya, Garg"]
[Black "Mizicka, Matus"]
[Result "1-0"]
[WhiteElo "2134"]
[BlackElo "1866"]
[PlyCount "103"]
[EventDate "2022.07.15"]
[EventType "swiss (rapid)"]
[EventRounds "7"]
[EventCountry "SVK"]
[SourceTitle "CBM 209 Extra"]
[Source "ChessBase"]
[SourceDate "2022.09.30"]
[SourceVersion "1"]
[SourceVersionDate "2022.09.30"]
[SourceQuality "1"]

1. d4 Nf6 2. c4 e5 3. dxe5 Ne4 4. Nf3 b6 5. e3 Bb7 6. Be2 Bb4+ 7. Nbd2 0-0 8. 0-0 Nxd2 9. Bxd2 Be7 10. Bc3 Re8 11. Qd4 Bc5 12. Qg4 Bf8 13. Rfd1 Re6 14. Bd3 Rh6 15. Rd2 Nc6 16. Bf5 d6 17. e6 f6 18. b4 Ne7 19. Be4 Bxe4 20. Qxe4 Rc8 21. g4 Qe8 22. Kh1 f5 23. gxf5 Qh5 24. Rg1 Qxf5 25. Qxf5 Nxf5 26. Rd5 Ne7 27. Rdg5 Rxe6 28. Bxg7 Ng6 29. Bb2 Bh6 30. Rh5 Bg7 31. Bxg7 Kxg7 32. Ng5 Re5 33. Rxh7+ Kg8 34. Rh6 Kg7 35. Rxg6+ Kxg6 36. Nf3+ Kf6 37. Nxe5 Kxe5 38. Rg4 c5 39. b5 Rc7 40. Kg2 a6 41. a4 axb5 42. axb5 Rh7 43. f3 Rh5 44. h4 d5 45. Rg5+ Rxg5+ 46. hxg5 dxc4 47. Kf2 c3 48. Ke2 c4 49. Kd1 Kd5 50. Kc2 Kc5 51. g6 Kxb5 52. g7 1-0

[Event "Piestany Slovakia op-A"]
[Site "Piestany"]
[Date "2022.07.14"]
[Round "5"]
[White "Mizicka, Matus"]
[Black "Domalchuk Jonasson, Aleksandr"]
[Result "0-1"]
[WhiteElo "1915"]
[BlackElo "2244"]
[PlyCount "180"]
[EventDate "2022.07.11"]
[EventType "swiss"]
[EventRounds "9"]
[EventCountry "SVK"]
[SourceTitle "CBM 209 Extra"]
[Source "ChessBase"]
[SourceDate "2022.09.30"]
[SourceVersion "1"]
[SourceVersionDate "2022.09.30"]
[SourceQuality "1"]

1. e4 e6 2. b3 d5 3. Bb2 dxe4 4. Nc3 Nf6 5. g4 h6 6. Bg2 Be7 7. Nxe4 Nxe4 8. Bxe4 Bf6 9. Bxf6 Qxf6 10. Ne2 h5 11. Nc3 Nc6 12. Bxc6+ bxc6 13. gxh5 c5 14. Qe2 Kf8 15. Rg1 Bb7 16. Rg3 Qf5 17. 0-0-0 Rxh5 18. Qb5 Bf3 19. Rdg1 g6 20. Qd7 Qf4 21. Qd3 Bc6 22. Rxg6 fxg6 23. Qxg6 Qf7 24. Qg3 Rd8 25. Qe3 Rd4 26. Ne2 Re4 27. Qd3 Qf6 28. c3 Rhe5 29. f4 Rf5 30. Ng3 Rfxf4 31. Nh5 Rf3 32. Qa6 Qf7 33. Qxc6 Rf1+ 34. Kb2 Rxg1 35. Qxc5+ Ke8 36. Qc6+ Kf8 37. Qc5+ Ke8 38. Qc6+ Kd8 39. Qxe4 Qf1 40. Ka3 Qa6+ 41. Kb2 Qf1 42. Ka3 Qc1+ 43. Kb4 Qxd2 44. Qxe6 Re1 45. Qf6+ Kc8 46. Qf5+ Qd7 47. Qxd7+ Kxd7 48. Ng3 Kc6 49. a4 Kb6 50. Kc4 Rg1 51. Nf5 Rf1 52. Nd4 Rf2 53. b4 Rxh2 54. a5+ Kb7 55. Kb3 Rh1 56. c4 Rh3+ 57. Kc2 Kc8 58. a6 c5 59. Nc6 Kc7 60. b5 Kb6 61. Ne5 Rh5 62. Nc6 Rh6 63. Ne5 Rd6 64. Nd3 Rd4 65. Kc3 Re4 66. Kb3 Re3 67. Kc2 Ka5 68. Nxc5 Kb4 69. Nd7 Re7 70. Nb8 Kxc4 71. Nc6 Rc7 72. Ne5+ Kxb5+ 73. Kb3 Kxa6 74. Kb4 Rb7+ 75. Ka4 Re7 76. Nd3 Re4+ 77. Kb3 Kb5 78. Nc1 Re3+ 79. Kb2 Kc4 80. Kc2 Rh3 81. Kb2 Rh2+ 82. Kb1 Kc3 83. Na2+ Kb3 84. Nc1+ Ka3 85. Nd3 Rd2 86. Nc1 Rb2+ 87. Ka1 Rb8 88. Ne2 Kb3 89. Kb1 Rb6 90. Nc1+ Kc3+ 0-1

[Event "Piestany Slovakia op-A"]
[Site "Piestany"]
[Date "2022.07.13"]
[Round "3"]
[White "Mizicka, Matus"]
[Black "Michelle, Catherina P"]
[Result "1-0"]
[WhiteElo "1915"]
[BlackElo "2141"]
[PlyCount "183"]
[EventDate "2022.07.11"]
[EventType "swiss"]
[EventRounds "9"]
[EventCountry "SVK"]
[SourceTitle "CBM 209 Extra"]
[Source "ChessBase"]
[SourceDate "2022.09.30"]
[SourceVersion "1"]
[SourceVersionDate "2022.09.30"]
[SourceQuality "1"]

1. e4 e5 2. f4 exf4 3. Bc4 Nf6 4. Nc3 c6 5. Qf3 d5 6. exd5 Bd6 7. Qe2+ Be7 8. Nf3 0-0 9. 0-0 b5 10. Bb3 b4 11. Ne4 Nxd5 12. d4 a5 13. Ne5 Qb6 14. Rd1 Nd7 15. Nxd7 Bxd7 16. c4 bxc3 17. bxc3 a4 18. Bc4 Be6 19. Kh1 Rfe8 20. Qf3 f5 21. Nf2 g5 22. Re1 Bf6 23. Qd3 Kg7 24. Bd2 Bd7 25. Rab1 Qc7 26. Qh3 Rab8 27. Bd3 Rxb1 28. Rxb1 Ne3 29. Bxe3 Rxe3 30. Qh5 Qc8 31. h3 Be8 32. Qd1 a3 33. Qb3 Be7 34. Qb6 f3 35. d5 fxg2+ 36. Kxg2 Re5 37. Qd4 Bf6 38. d6 c5 39. d7 Qc6+ 40. Be4 Qxd7 41. Qxd7+ Bxd7 42. Bf3 c4 43. Rb7 Re7 44. Bd5 Bxc3 45. Kf1 f4 46. Bc6 Bxc6 47. Rxe7+ Kg8 48. Rc7 Bf3 49. Rxc4 Bg7 50. Ra4 Bf8 51. Ng4 Bxg4 52. hxg4 Kf7 53. Ra7+ Be7 54. Ke2 Kf6 55. Ra6+ Ke5 56. Rh6 Bc5 57. Kf3 Kd4 58. Rxh7 Ke5 59. Rg7 Kf6 60. Rc7 Bd6 61. Rc6 Ke5 62. Ra6 Kd5 63. Ra7 Ke6 64. Rg7 Be7 65. Ke4 Kf6 66. Rh7 Ke6 67. Rh6+ Bf6 68. Rg6 Kf7 69. Kf5 Bd8 70. Ra6 Be7 71. Rb6 Bd8 72. Rb3 Be7 73. Rb7 f3 74. Rb3 f2 75. Rf3 Bc5 76. Kxg5+ Kg7 77. Kh4 Kg6 78. Rf5 Be3 79. Kg3 Bd4 80. Kg2 Bb6 81. Rb5 Be3 82. Ra5 Bd4 83. Rxa3 Kg5 84. Ra8 Be3 85. Rg8+ Kf6 86. a4 Bb6 87. Rf8+ Kg5 88. Rxf2 Kxg4 89. Rb2 Be3 90. a5 Kf5 91. a6 Bd4 92. Rb7 1-0

[Event "SVK-ch rapid"]
[Site "Topolcany"]
[Date "2020.07.11"]
[Round "7"]
[White "Ruckschloss, Karol"]
[Black "Mizicka, Matus"]
[Result "1-0"]
[WhiteElo "2241"]
[BlackElo "1849"]
[PlyCount "84"]
[EventDate "2020.07.11"]
[EventType "swiss (rapid)"]
[EventRounds "9"]
[EventCountry "SVK"]
[SourceTitle "CBM 197 Extra"]
[Source "ChessBase"]
[SourceDate "2020.09.30"]
[SourceVersion "1"]
[SourceVersionDate "2020.09.30"]
[SourceQuality "1"]

1. c4 e5 2. Nc3 Nc6 3. g3 f5 4. Bg2 Nf6 5. e3 d5 6. d3 dxc4 7. dxc4 Qxd1+ 8. Nxd1 Bd7 9. Nc3 0-0-0 10. Nf3 Bb4 11. Bd2 h6 12. a3 Bxc3 13. Bxc3 Rhe8 14. Nd2 e4 15. 0-0 Ne5 16. Rfd1 Bc6 17. b4 b6 18. a4 Nd3 19. Nb3 Ng4 20. Rd2 Nde5 21. Rxd8+ Kxd8 22. h3 Nf6 23. Nd4 Bd7 24. c5 Nd3 25. c6 Bc8 26. b5 Ke7 27. a5 Nd5 28. Bd2 Kf7 29. axb6 axb6 30. Ra3 Be6 31. f3 Nc5 32. g4 g6 33. Ra7 Bc8 34. Kf2 Kf6 35. Ra8 Nd3+ 36. Kg3 Nc5 37. f4 Kf7 38. Bf1 Be6 39. Ra7 Rd8 40. Bc4 Rc8 41. gxf5 gxf5 42. Bxd5 h5 1-0

[Event "SVK-chT U20 final"]
[Site "Banska Bystrica"]
[Date "2019.05.11"]
[Round "2.1"]
[White "Turcan, Richard"]
[Black "Mizicka, Matus"]
[Result "1-0"]
[WhiteElo "2176"]
[BlackElo "1873"]
[PlyCount "49"]
[EventDate "2019.05.10"]
[EventType "team-tourn"]
[EventRounds "5"]
[EventCountry "SVK"]
[SourceTitle "EXT 2020"]
[Source "ChessBase"]
[SourceDate "2019.10.17"]
[SourceVersion "1"]
[SourceVersionDate "2019.10.17"]
[SourceQuality "1"]
[WhiteTeam "Banska Bystrica Junior"]
[BlackTeam "Nitra NSK Junior"]
[WhiteTeamCountry "SVK"]
[BlackTeamCountry "SVK"]

1. d4 e6 2. c4 b6 3. Nc3 Bb7 4. e4 Bb4 5. Qc2 Nf6 6. e5 Ne4 7. Nf3 Nxc3 8. bxc3 Be7 9. Bd3 h6 10. Be4 Qc8 11. d5 Na6 12. Be3 Nc5 13. Bxc5 Bxc5 14. 0-0 0-0 15. Rad1 Rb8 16. Qe2 f5 17. exf6 Rxf6 18. Bb1 exd5 19. Qd3 d6 20. cxd5 Ba6 21. Qh7+ Kf7 22. Rfe1 Qg4 23. Re4 Rf4 24. h3 Qg3 25. Rdd4 1-0

[Event "SVK-chT U20 final"]
[Site "Banska Bystrica"]
[Date "2019.05.10"]
[Round "1.1"]
[White "Mizicka, Matus"]
[Black "Varga, Lukas"]
[Result "0-1"]
[WhiteElo "1873"]
[BlackElo "1999"]
[PlyCount "96"]
[EventDate "2019.05.10"]
[EventType "team-tourn"]
[EventRounds "5"]
[EventCountry "SVK"]
[SourceTitle "EXT 2020"]
[Source "ChessBase"]
[SourceDate "2019.10.17"]
[SourceVersion "1"]
[SourceVersionDate "2019.10.17"]
[SourceQuality "1"]
[WhiteTeam "Nitra NSK Junior"]
[BlackTeam "Kosice Slavia UPJS"]
[WhiteTeamCountry "SVK"]
[BlackTeamCountry "SVK"]

1. d4 Nf6 2. Bf4 c5 3. e3 d6 4. Nf3 Nbd7 5. Nc3 g6 6. h4 Bg7 7. Bb5 Qa5 8. Qd2 a6 9. Be2 b5 10. 0-0 0-0 11. Nd5 Qd8 12. Nxf6+ Nxf6 13. dxc5 Ne4 14. Qd5 Bf5 15. c3 Nxc5 16. Ne1 Qb6 17. Bf3 Rac8 18. e4 Be6 19. Qd2 Bc4 20. Be2 Nxe4 21. Qc2 d5 22. Be3 Qb7 23. Nf3 b4 24. Bd4 bxc3 25. bxc3 Nxc3 26. Bxc4 Rxc4 27. Bxg7 Kxg7 28. Qd3 Qc7 29. Rfe1 e6 30. Ne5 Re4 31. Nf3 Rb8 32. Rac1 Rxe1+ 33. Rxe1 Rb2 34. Qd4+ Kg8 35. Kf1 Qc6 36. Ne5 Qb6 37. Qf4 f5 38. Nd3 Qb5 39. Qd4 Rc2 40. Qf6 Qxd3+ 41. Kg1 Re2 42. Qd8+ Kf7 43. Qc7+ Kf6 44. Qd8+ Ke5 45. Qb8+ Ke4 46. f3+ Ke3 47. Qb6+ Qd4 48. Qxe6+ Kd2+ 0-1